000
00324 a2200157 4500
001
158317
020
_a
040
_c
Magnum
100
_a
Oliveira Lima
240
1
0
_a
Historia universal v.3
_l
por
245
1
0
_a
Historia universal v.3
362
0
_a
1899
440
1
_a
Melhoramentos
697
_a
COLECAO
942
_c
BK
999
_c
158317
_d
158317